000 00596cam a22002054a 4500
001 sa 66007668
003 DLC
005 20260227112306.0
008 890727s1965 ii a 000 0 hino
010 _asa 66007668
035 _a(OCoLC)20080136
040 _aDLC
_cDLC
050 0 0 _aPK2098.13.A8295
_bK38 1965
100 1 _aBaruā, Jaiminī Kauśika.
245 1 0 _aKhaṭṭe santare, mīṭhe santare /
_cJaiminī Kauśika "Baruā".
260 _aKalakattā :
_bJaiminī Prakāśana,
_c1965.
300 _a102 p. :
_bill. ;
_c22 cm.
546 _aIn Hindi.
650 0 _aHindi wit and humor.
999 _c71325
_d71325